England Six Nations Squad 2023 - Statistics

General Stats
  • This quiz has been taken 22 times
  • The average score is 22 of 37
Answer Stats
Hint Answer % Correct
Scrum-Half - Northampton Saints Alex Mitchell
100%
Fly-Half - Northampton Saints Fin Smith
100%
Fly-Half - Harlequins Marcus Smith
100%
Fly-Half - Saracens Owen Farrell
100%
Back Row - Sale Sharks Ben Curry
94%
Prop - Leicester Tigers Dan Cole
94%
Second Row - Saracens Maro Itoje
94%
Back Row - Saracens Ben Earl
88%
Second Row - Leicester Tigers Ollie Chessum
88%
Centre - Bath Rugby Ollie Lawrence
88%
Prop - Bristol Bear Ellis Genge
82%
Full-Back - Leicester Tigers Freddie Steward
82%
Back Row - Toulouse Jack Willis
82%
Manager Steve Borthwick
76%
No. 8 - Harlequins Alex Dombrandt
71%
Scrum-Half - Leicester Tigers Ben Youngs
71%
Center/ Fly-Half - Exeter Chiefs Henry Slade
71%
Prop - Bristol Bears Kyle Sinckler
65%
Center - Sale Sharks Manu Tuilagi
59%
Full-Back - Northampton Saints Tommy Freeman
59%
Prop - Saracens Mako Vunipola
53%
Winger - London Irish Ollie Hassell-Collins
53%
Scrum-Half - Leicester Tigers Jack Van Poortvliet
47%
Second Row - Sale Sharks Jonny Hill
47%
Winger - Harlequins Cadan Murley
41%
Hooker - Newcastle Falcons Jamie Blamire
41%
Prop - Sale Sharks Bevan Rodd
35%
Winger/ Full-Back - Saracens Max Malins
35%
Prop - Leicester Tigers Joe Hayes
29%
Back Row - Northampton Saints Lewis Ludlam
29%
Second Row - Saracens Nick Isiekwe
29%
Back Row - Exeter Chiefs Sam Simmonds
29%
Hooker - Harlequins Jack Walker
24%
Center - Harlequins Joe Marchant
24%
Hooker - Bath Rugby Tom Dunn
24%
Second Row - Northampton Saints Dave Ribbans
12%
Center - Leicester Tigers Dan Kelly
6%
No matching quizzes found
Score Distribution
Percent of People with Each Score
Percentile by Number Answered
Your Score History
You have not taken this quiz